MDQL
is popping MORE tags! Check the
thread
!
Quizzes
Events
Quiz Creation
Community
Videos
Private Events
Remove Ads
Sign In
Join for FREE
Feedback
Dark Mode
Quiz Categories
Sports
Geography
Music
Movies
Television
Just For Fun
Miscellaneous
History
Literature
Language
Science
Gaming
Entertainment
Religion
Holiday
For Kids
Quiz Lab
Recent
Popular Today
Quiz Kudos Today
Editor Picks
Curator Picks
Quizzes by...
Day
Popularity
Type
Ratings
Length
Year
Community
Subscriptions
Recent Discussions
Orange Saloon
Badges
Playlists
Quests
Create
Leaderboards
Showdown
Live 5
Trivia Bingo
Activity
Puzzle Library
Sporcle Events
Private Events
Virtual Trivia
Globe League
Become a Host
Pub Owners
SporcleCon
Opinionation
Our Games
Videos
Blog
Mobile Apps
Partnerships
Remove Ads and Go Orange
Feedback
Just For Fun
Clickable
Get the Picture
Humor
Quick Pick
Word Ladder
Missing Word
Mixed Word
Blitz
Minefield
This or That
Alphabet
Color
Typing
Sporcle
Puzzle
Word Play
Follow That Line
Logic
Just For Fun
Clickable
Get the Picture
Humor
Quick Pick
Word Ladder
Missing Word
Mixed Word
Blitz
Minefield
This or That
Alphabet
Color
Typing
Sporcle
Puzzle
Word Play
Follow That Line
Logic
Random Quiz
Search Sporcle
×
Quiz Lab
Quiz Lab
Just For Fun
Alphabet
Type in answers that appear in a list
Type in answers that appear in a list
Classic
Best Score? Go Orange.
Hangman - Film VII Stats
Can you name the film in this hangman style quiz (See 'How to Play' for details)?
By
PenguinsMeercats
3m
39 Questions
14.5K Plays
14,500 Plays
14,500 Plays
Comments
Comments
Give Quiz Kudos
Give Quiz Kudos
-
- Ratings
hide this ad
More Info
Wrong Answers
Some wrong answers will appear in red
Some wrong answers will appear in red
Replay
Link that replays current quiz
Next Quiz
Link to next quiz in quiz playlist
You Got
0%
They Got
Avg Score
93%
Avg Friend Score
Upgrade to see
Score Distribution
Jump to the score distribution portion of the page
Score
0/39
Timer
03:00
0
Plays Today
% Correct
???
100%
???
99.8%
???
99.8%
???
99.8%
???
99.8%
???
99.8%
???
99.6%
???
99.6%
???
99.6%
???
99.6%
???
99.6%
???
99.6%
???
99.6%
???
99.6%
???
99.5%
???
99.5%
???
99.5%
???
99.4%
???
99.4%
???
99.4%
% Correct
???
99.4%
???
99.3%
???
99.3%
???
97.7%
???
97.6%
???
97.4%
???
96.1%
???
95.2%
???
92.6%
???
92.4%
???
91.2%
???
86.5%
???
84.4%
???
83.1%
???
78.4%
???
75.1%
???
69.9%
???
67.3%
???
36.3%
Quiz Playlist
Details
Report
Send in Message
Add To Playlist
More Info:
Guess any letter by simply entering that letter into the box.
Each wrongly guessed letter will be marked as an incorrect answer on the quiz.
To make a guess at the hangman answer put an equals sign "=" before your guess. e.g. "=Groundhog Day"
Even if you guess all the correct letters for the answer, you must enter it in full e.g. "=Groundhog Day" to end the quiz without further penalty.
Classic:
Type in answers that appear in a list
Wrong Answers:
Some wrong answers will appear in red
Last Updated: Sep 5, 2017
Quiz Scoreboard
CHALLENGE
Sign Up to Join the Scoreboard
Show All
Scores
Hide
Comments
May contain spoilers
Recently Published
Image Sorting: Flags VI
by Barbecue
Geography
2m
Find the 'City' Movie
by crazypaving
Movies
60s
5x2 Blitz: Bands
by SL_Kpop136
Music
30s
More to Explore
Quiz From the Vault
Featured Blog Post
14 Easter Pick-up Lines to Find Eggs With
hide this ad
You Might Also Like...
Tags
Alphabet Quiz
Puzzle Quiz
Hangman
Today's Top Quizzes in Just For Fun
Browse Just For Fun
hide this ad
Today's Top Quizzes in Alphabet
Browse Alphabet
Top Contributed Quizzes in Just For Fun
1
Name Just One - 10 to 1: Just For Fun
2
Avatar the Last Airbender: Logic Puzzle
3
Missing Word: 2-Letter A-Z II
4
Missing Letter Whitney Houston Songs
5
It's Magic / Witchcraft 🎩🪄🧙♀️
6
Survivor Winners Logic Puzzle
7
Missing Word: 'Of' Things A-Z
8
01-36 Logic Puzzle I
9
Quick 5-Color Logic (18)
10
Shadowhunters Protagonists Logic Quiz
Explore More
Trending Topics
Disney
Kpop
Crossword
Harry Potter
Marvel
NBA
Anime
Song
Soccer
Pokémon
Country
The Office
WWE
Puzzle
NFL
hide this ad
More By:
PenguinsMeercats
Quiz
Plays
Rating
Category
Featured
Created
Obscure Knowledge - US States
1,579,458
3.74
Geography
Jun 27, 2017
Obscure Knowledge - NBA Teams
1,318,614
3.96
Sports
Dec 20, 2017
Obscure Knowledge - NFL Teams
1,255,521
3.75
Sports
Dec 21, 2017
Obscure Knowledge - Countries of Europe
1,019,759
4.43
Geography
Jun 29, 2017
Obscure Knowledge - US Presidents
690,952
4.52
History
Jun 30, 2017
Go to Creator's Profile
Score Distribution
Quiz Creator Spotlight
PenguinsMeercats
Follow
Send a Message
Quizzes Created
-
Created Quiz Play Count
-
More By This Creator
Popular Quizzes Today
1
Colored Red Africa Blitz
2
Find the US States - No Outlines Minefield
3
Find the 'City' Movie
4
5x2 Blitz: Bands
5
The Countries of the World
6
Find the US States
7
Find the Countries of Europe - No Outlines Minefield
8
US States
More Just For Fun Quizzes
Quick Pick: NFL Passing Leaders
Published
Trending Quizzes
Colored Red Europe Blitz I
Colored Red Europe Blitz II
Colored Red Africa Blitz II
Colored Red Europe Blitz III
Colored Red Africa Blitz III
Recently Updated
How Do You Spell That?
pecheneg
Godzilla Movies
pecheneg
Grab Bag: 4-10 Letters
pecheneg
2024 March Madness Bracket
pecheneg
Famous TV Couples
Peacemaker
Champions League XIs: Real Madrid
pecheneg
Largest US Cities 1790-2010
pecheneg
Rides in Walt Disney World
pecheneg
Most Oscar Losses (Acting)
pecheneg
Beyoncé Albums
pecheneg
Trending Topics
NBA
Anime
Kpop
Marvel
Disney
Crossword
Harry Potter
WWE
Puzzle
Soccer
Pokémon
Country
The Office
Song
NFL
Your Account Isn't Verified!
In order to create a playlist on Sporcle, you need to verify the email address you used during registration. Go to your
Sporcle Settings
to finish the process.
Report this User
Report this user for behavior that violates our
Community Guidelines
.
Details:
Send Report
Go to the Sporcle.com Mobile Site →
Comments